Estadísticas para Cuánto sabes de Chile: Fácil-Medio

Haz click aquí para intentar la prueba.

Estadísticas generales

  • Esta prueba ha sido intentada 382 veces
    (304 desde el último reinicio)
  • La puntuación promedio es 9 de 13

Estadísticas de respuestas

PreguntaRespuesta% Correcto
¿Cuál de estos países no limita con Chile?Brasil
98%
¿Cuál es el baile nacional de Chile?La Cueca
98%
¿Qué idioma hablan los mapuche?Mapudungún
95%
¿Cuál de estas es una comuna?Lo Espejo
87%
¿Cuál de estas es una región?Región de Aysén
87%
¿Cuál de las siguientes afirmaciones sobre Chile es mentira?Su flor nacional es la añañuca
81%
¿Cuál de estos animales no habita en Chile?Capibara (Carpincho)
77%
¿Cuál de las siguientes regiones es mas nueva?Región del Ñuble
65%
¿Cuál de estos es un apodo de la bandera chilena?La estrella solitaria
53%
¿Cuál de estos paisajes no corresponde a Chile?
51%
¿Cuál es la capital regional de la Región de Coquimbo?La Serena
48%
¿Cuál de las siguientes afirmaciones sobre Chile es verdad?La segunda ciudad mas poblada de chile no tiene ni un cuarto de la población del Gran Santiago
39%
¿Cuál de estas islas está habitada?Isla Mocha
23%

Distribución de puntuación

Porcentaje por número respondido

Porcentaje de gente con cada puntuación

Historial de tus puntuaciones

No has intentado esta prueba desde el último reinicio